[Event "MNE-ch 76th"]
[Site "Podgorica"]
[Date "2024.02.14"]
[Round "10"]
[White "Zivkovic, Slaven"]
[Black "Lekic, Pavle"]
[Result "1-0"]
[WhiteElo "1899"]
[BlackElo "1661"]
[PlyCount "83"]
[EventDate "2024.02.06"]
[EventType "swiss"]
[EventRounds "11"]
[EventCountry "MNE"]
[SourceTitle "CB08_2024"]
[SourceDate "2024.02.21"]
[SourceVersion "1"]
[SourceVersionDate "2024.02.21"]
[SourceQuality "1"]

1. e4 e5 2. Nf3 Nc6 3. Bc4 Be7 4. c3 d6 5. h3 Nf6 6. d3 0-0 7. 0-0 h6 8. Re1 a6 9. Bb3 Nh7 10. d4 exd4 11. cxd4 Kh8 12. Nc3 Bf6 13. Be3 Ng5 14. Nxg5 Bxg5 15. f4 Bh4 16. Rf1 Na5 17. Bc2 Nc4 18. Bc1 b5 19. Qd3 f5 20. e5 Bb7 21. a4 c5 22. g3 cxd4 23. Qxd4 Bxg3 24. b3 Qe8 25. bxc4 Qg6 26. Ne4 Be1+ 27. Kh2 dxe5 28. fxe5 fxe4 29. Rg1 Qf7 30. e6 Qc7+ 31. Kh1 e3+ 32. Be4 Rad8 33. Bd5 Rf2 34. Qxg7+ Qxg7 35. Rxg7 Kxg7 36. Bxb7 Bd2 37. Bb2+ Kg6 38. Rg1+ Kh5 39. Be5 e2 40. e7 Ra8 41. Bxa8 e1Q 42. e8Q+ 1-0

[Event "MNE-ch 76th"]
[Site "Podgorica"]
[Date "2024.02.11"]
[Round "6"]
[White "Popovic, Nikola"]
[Black "Zivkovic, Slaven"]
[Result "0-1"]
[WhiteElo "1433"]
[BlackElo "1899"]
[PlyCount "48"]
[EventDate "2024.02.06"]
[EventType "swiss"]
[EventRounds "11"]
[EventCountry "MNE"]
[SourceTitle "CB08_2024"]
[SourceDate "2024.02.21"]
[SourceVersion "1"]
[SourceVersionDate "2024.02.21"]
[SourceQuality "1"]

1. e4 e5 2. Nf3 Nc6 3. Bb5 a6 4. Ba4 Nf6 5. 0-0 b5 6. Bb3 Be7 7. Re1 0-0 8. c3 d5 9. exd5 Nxd5 10. Nxe5 Nxe5 11. Rxe5 c6 12. d4 Bd6 13. Re1 Qh4 14. g3 Qh3 15. Qf3 Bg4 16. Qg2 Qh5 17. Nd2 Rae8 18. Rxe8 Rxe8 19. h4 Re1+ 20. Nf1 Be2 21. a4 Bxf1 22. Qxf1 Rxf1+ 23. Kxf1 b4 24. c4 Qf3 0-1

[Event "MNE-ch 76th"]
[Site "Podgorica"]
[Date "2024.02.06"]
[Round "1"]
[White "Zivkovic, Slaven"]
[Black "Vujosevic, Vladimir"]
[Result "0-1"]
[WhiteElo "1899"]
[BlackElo "2335"]
[PlyCount "64"]
[EventDate "2024.02.06"]
[EventType "swiss"]
[EventRounds "11"]
[EventCountry "MNE"]
[SourceTitle "CB08_2024"]
[SourceDate "2024.02.21"]
[SourceVersion "1"]
[SourceVersionDate "2024.02.21"]
[SourceQuality "1"]

1. e4 e5 2. Nf3 Nc6 3. Bc4 Nf6 4. d3 Bc5 5. c3 d6 6. h3 a6 7. Bb3 h6 8. Nbd2 Ba7 9. Nf1 Be6 10. Ng3 0-0 11. 0-0 d5 12. Qe2 Re8 13. Rd1 d4 14. Nh4 Bxb3 15. axb3 Bc5 16. Qf3 Re6 17. Nhf5 Bf8 18. Nf1 a5 19. Qg3 Kh7 20. Qh4 Nd7 21. Qg4 g6 22. Nh4 Nc5 23. b4 axb4 24. Rxa8 Qxa8 25. cxd4 Nxd4 26. Kh1 Qd8 27. f4 h5 28. Qg3 Ne2 29. Qf2 Nxc1 30. f5 N1xd3 31. fxg6+ fxg6 32. Qf7+ Bg7 0-1

[Event "MNT-ch 75th"]
[Site "Podgorica"]
[Date "2023.02.11"]
[Round "7"]
[White "Zivkovic, Slaven"]
[Black "Koljevic, Nikolina"]
[Result "1/2-1/2"]
[WhiteElo "1938"]
[BlackElo "2050"]
[PlyCount "159"]
[EventDate "2023.02.05"]
[EventType "swiss"]
[EventRounds "9"]
[EventCountry "MNE"]
[SourceTitle "CBM 212 Extra"]
[Source "ChessBase"]
[SourceDate "2023.03.31"]
[SourceVersion "1"]
[SourceVersionDate "2023.03.31"]
[SourceQuality "1"]

1. e4 c5 2. Nf3 Nc6 3. Bb5 g6 4. 0-0 Bg7 5. c3 Qb6 6. Ba4 d6 7. d3 Nf6 8. Nbd2 0-0 9. h3 a6 10. Re1 Qc7 11. Nf1 b5 12. Bc2 Bb7 13. Ng3 Nd7 14. Nh2 e6 15. h4 d5 16. h5 d4 17. Qd2 dxc3 18. bxc3 b4 19. Bb2 Qa5 20. cxb4 Qxb4 21. Qxb4 Nxb4 22. Bxg7 Kxg7 23. Ba4 Ne5 24. d4 Ned3 25. Reb1 Bc6 26. Bxc6 Nxc6 27. dxc5 Nce5 28. Rf1 Nf4 29. hxg6 fxg6 30. Rfd1 Rac8 31. Rac1 h5 32. Rc2 Nfd3 33. c6 Nb4 34. Rc5 Nbxc6 35. Rd6 Rb8 36. Rcxc6 Nxc6 37. Rxc6 Rb2 38. f3 Rxa2 39. Ngf1 e5 40. Ne3 Rb8 41. Nc4 Rb1+ 42. Nf1 Raa1 43. Ncd2 Rd1 44. Kf2 a5 45. Ke2 a4 46. Ra6 Re1+ 47. Kf2 Rec1 48. Ne3 a3 49. Kg3 Rc3 50. Nec4 a2 51. Nxe5 Rc2 52. Nb3 Rb1 53. Nd4 Rd2 54. Rxg6+ Kf8 55. Rf6+ Ke8 56. Re6+ Kd8 57. Rd6+ Kc8 58. Ra6 h4+ 59. Kxh4 Rxg2 60. Kh3 Rd2 61. Kg3 a1Q 62. Rxa1 Rxa1 63. Nf5 Rdd1 64. Ne3 Rd8 65. Kf4 Rf8+ 66. Nf5 Ra5 67. Nc6 Rc5 68. Ncd4 Rc4 69. Ke5 Rc5+ 70. Kf4 Kd7 71. Ke3 Rc3+ 72. Kf4 Rd3 73. Ke5 Kc7 74. Ne6+ Kc8 75. Nxf8 Rxf3 76. Ne6 Rf1 77. Kd4 Rd1+ 78. Ke3 Re1+ 79. Kf4 Rxe4+ 80. Kxe4 1/2-1/2

[Event "MNT-ch 75th"]
[Site "Podgorica"]
[Date "2023.02.08"]
[Round "4"]
[White "Krstonijevic, Stjepan"]
[Black "Zivkovic, Slaven"]
[Result "1-0"]
[WhiteElo "2129"]
[BlackElo "1938"]
[PlyCount "67"]
[EventDate "2023.02.05"]
[EventType "swiss"]
[EventRounds "9"]
[EventCountry "MNE"]
[SourceTitle "CBM 212 Extra"]
[Source "ChessBase"]
[SourceDate "2023.03.31"]
[SourceVersion "1"]
[SourceVersionDate "2023.03.31"]
[SourceQuality "1"]

1. d4 Nf6 2. c4 e6 3. g3 d5 4. Nf3 Be7 5. Bg2 0-0 6. Qc2 c5 7. dxc5 Qa5+ 8. Qc3 Qxc5 9. cxd5 Nxd5 10. Qxc5 Bxc5 11. 0-0 Bd7 12. a3 a5 13. Bd2 Bb5 14. Re1 Nd7 15. Nc3 Bc6 16. Rac1 Bb6 17. Nxd5 Bxd5 18. e4 Bc6 19. Be3 Bxe3 20. Rxe3 e5 21. Bh3 Rfe8 22. Rxc6 bxc6 23. Bxd7 Red8 24. Bxc6 Rab8 25. Bd5 Rxb2 26. Nxe5 Rc8 27. Nxf7 Kf8 28. Ne5 Rcc2 29. Rf3+ Ke7 30. Nc6+ Kd6 31. Nxa5 Rb1+ 32. Kg2 g5 33. Rf6+ Kc5 34. Rc6+ 1-0

[Event "MNT-ch 75th"]
[Site "Podgorica"]
[Date "2023.02.06"]
[Round "2"]
[White "Pekic, Momcilo"]
[Black "Zivkovic, Slaven"]
[Result "1/2-1/2"]
[WhiteElo "1698"]
[BlackElo "1938"]
[PlyCount "47"]
[EventDate "2023.02.05"]
[EventType "swiss"]
[EventRounds "9"]
[EventCountry "MNE"]
[SourceTitle "CBM 212 Extra"]
[Source "ChessBase"]
[SourceDate "2023.03.31"]
[SourceVersion "1"]
[SourceVersionDate "2023.03.31"]
[SourceQuality "1"]

1. e4 e5 2. Nf3 Nc6 3. d4 exd4 4. Nxd4 Nf6 5. Nc3 Bb4 6. Nxc6 bxc6 7. Bd3 d5 8. exd5 0-0 9. 0-0 Bg4 10. f3 Bh5 11. Bg5 Bxc3 12. bxc3 cxd5 13. Re1 Qd6 14. Qd2 Bg6 15. Rab1 Rab8 16. Rb3 Rfe8 17. Rxb8 Rxb8 18. a4 Nd7 19. Bb5 a6 20. Bf4 Qb6+ 21. Be3 Qd6 22. Bf4 Qb6+ 23. Be3 Qd6 24. Bf4 1/2-1/2

[Event "MNT-ch 75th"]
[Site "Podgorica"]
[Date "2023.02.05"]
[Round "1"]
[White "Zivkovic, Slaven"]
[Black "Nikcevic, Nebojsa"]
[Result "0-1"]
[WhiteElo "1938"]
[BlackElo "2395"]
[PlyCount "78"]
[EventDate "2023.02.05"]
[EventType "swiss"]
[EventRounds "9"]
[EventCountry "MNE"]
[SourceTitle "CBM 212 Extra"]
[Source "ChessBase"]
[SourceDate "2023.03.31"]
[SourceVersion "1"]
[SourceVersionDate "2023.03.31"]
[SourceQuality "1"]

1. e4 c5 2. Nf3 e6 3. g3 d5 4. exd5 exd5 5. Qe2+ Be7 6. d4 Nf6 7. Bg2 0-0 8. 0-0 Nc6 9. Rd1 Bg4 10. c3 Re8 11. h3 Bh5 12. Be3 cxd4 13. cxd4 Ne4 14. Nbd2 Bd6 15. g4 Bg6 16. Qb5 a6 17. Qe2 f5 18. Nxe4 fxe4 19. Nd2 Nb4 20. Nb3 b6 21. a3 Nd3 22. Qd2 Rf8 23. Bg5 Qd7 24. Be3 h5 25. Qe2 Qf7 26. Rd2 Nf4 27. Qf1 hxg4 28. hxg4 Qe6 29. Qd1 Nxg2 30. Kxg2 Rf3 31. Rc2 Qxg4+ 32. Kf1 Qh3+ 33. Ke1 Bh5 34. Qe2 Raf8 35. Rc3 Bg3 36. Qxa6 Bxf2+ 37. Bxf2 Rxc3 38. Qb5 Re3+ 39. Bxe3 Qxe3+ 0-1

[Event "MNT-chT 1st League"]
[Site "Podgorica"]
[Date "2021.05.22"]
[Round "4.3"]
[White "Ivanovic, Milan"]
[Black "Zivkovic, Slaven"]
[Result "1/2-1/2"]
[WhiteElo "1918"]
[BlackElo "1834"]
[PlyCount "79"]
[EventDate "2021.05.20"]
[EventType "team-tourn"]
[EventRounds "7"]
[EventCountry "MNE"]
[SourceTitle "EXT 2022"]
[Source "ChessBase"]
[SourceDate "2021.10.06"]
[SourceVersion "1"]
[SourceVersionDate "2021.10.06"]
[SourceQuality "1"]

1. d4 Nf6 2. c4 e6 3. Nc3 Bb4 4. Bd2 0-0 5. Nf3 d5 6. e3 b6 7. cxd5 exd5 8. a3 Be7 9. Bd3 Nbd7 10. Qc2 h6 11. 0-0 c5 12. b3 Bb7 13. Rfe1 Rc8 14. Bf5 a6 15. Ne5 Rc7 16. Nxd7 Nxd7 17. Qd1 Bf6 18. Qg4 g6 19. Bb1 b5 20. Ne2 Qe7 21. Ra2 Bg7 22. Ba5 Rcc8 23. dxc5 Nxc5 24. Bb4 Rfe8 25. Rc1 Qe6 26. Qxe6 Nxe6 27. Rxc8 Bxc8 28. Kf1 Ng5 29. Nd4 Ne4 30. f3 Ng5 31. Kf2 Ne6 32. Nxe6 Bxe6 33. Bc5 d4 34. exd4 Bxb3 35. Rb2 Bc4 36. Be4 Rc8 37. Rd2 Rc7 38. Rc2 f5 39. Ba8 Kf7 40. f4 1/2-1/2

[Event "MNT-ch sf"]
[Site "Niksic"]
[Date "2017.02.18"]
[Round "2"]
[White "Delevic, Nina"]
[Black "Zivkovic, Slaven"]
[Result "1-0"]
[WhiteElo "1740"]
[BlackElo "1848"]
[PlyCount "65"]
[EventDate "2017.02.17"]
[EventType "swiss"]
[EventRounds "7"]
[EventCountry "MNE"]
[SourceTitle "CBM 177 Extra"]
[Source "ChessBase"]
[SourceDate "2017.04.27"]
[SourceVersion "1"]
[SourceVersionDate "2017.04.27"]
[SourceQuality "1"]

1. d4 Nf6 2. c4 g6 3. Nc3 d5 4. cxd5 Nxd5 5. e4 Nxc3 6. bxc3 Bg7 7. Nf3 c5 8. Bb5+ Bd7 9. Bxd7+ Nxd7 10. 0-0 0-0 11. Be3 Qc7 12. Rc1 Rad8 13. Qd2 Rfe8 14. Bh6 Bf6 15. Qe3 e5 16. d5 c4 17. h4 Nc5 18. h5 Nd3 19. Rc2 Nf4 20. hxg6 hxg6 21. Bg5 Bxg5 22. Nxg5 Kg7 23. g3 Nh5 24. f4 exf4 25. gxf4 Rxd5 26. Qxa7 Rd3 27. e5 Ng3 28. Rb1 Qc6 29. Qxb7 Qc5+ 30. Kg2 Re7 31. Rb5 Qa3 32. Qc8 Ne4 33. Rb8 1-0

[Event "MNT-chT"]
[Site "Niksic"]
[Date "2016.08.11"]
[Round "6.6"]
[White "Djukanovic, Sreten"]
[Black "Zivkovic, Slaven"]
[Result "1-0"]
[WhiteElo "2251"]
[BlackElo "1869"]
[PlyCount "57"]
[EventDate "2016.08.06"]
[EventType "team-tourn"]
[EventRounds "9"]
[EventCountry "MNE"]
[SourceTitle "CBM 173 Extra"]
[Source "ChessBase"]
[SourceDate "2016.08.29"]
[SourceVersion "1"]
[SourceVersionDate "2016.08.29"]
[SourceQuality "1"]

1. d4 Nf6 2. c4 g6 3. Nc3 d5 4. Nf3 Bg7 5. e3 0-0 6. cxd5 Nxd5 7. Qb3 Nb6 8. Be2 Nc6 9. 0-0 Be6 10. Qd1 Bc4 11. Bxc4 Nxc4 12. b3 Nd6 13. Bb2 e6 14. Qe2 Ne7 15. e4 Qd7 16. Rad1 f5 17. Rfe1 Rae8 18. Ba3 Qc6 19. Rc1 Bh6 20. Ne5 Qa6 21. Qxa6 bxa6 22. Rc2 Rf6 23. Nd7 Rf7 24. e5 Nc6 25. Ne2 Nb5 26. Nf6+ Rxf6 27. exf6 Ncxd4 28. Nxd4 Nxa3 29. Rxc7 1-0

[Event "MNT-chT"]
[Site "Niksic"]
[Date "2016.08.09"]
[Round "4.6"]
[White "Knezevic, Miodrag"]
[Black "Zivkovic, Slaven"]
[Result "1-0"]
[WhiteElo "2066"]
[BlackElo "1869"]
[PlyCount "109"]
[EventDate "2016.08.06"]
[EventType "team-tourn"]
[EventRounds "9"]
[EventCountry "MNE"]
[SourceTitle "CBM 173 Extra"]
[Source "ChessBase"]
[SourceDate "2016.08.29"]
[SourceVersion "1"]
[SourceVersionDate "2016.08.29"]
[SourceQuality "1"]

1. d4 Nf6 2. Bf4 g6 3. Nf3 Bg7 4. e3 0-0 5. h3 d5 6. Bd3 c5 7. c3 Nc6 8. 0-0 Re8 9. Nbd2 a6 10. Re1 b5 11. Ne5 Nxe5 12. Bxe5 Qb6 13. dxc5 Qxc5 14. Qf3 Bb7 15. Nb3 Qb6 16. Rad1 d4 17. e4 dxc3 18. Bxc3 e5 19. Ba5 Qa7 20. Rc1 Rac8 21. Bb1 Ba8 22. Bd2 Nd7 23. Be3 Qb8 24. Rcd1 Red8 25. Bg5 f6 26. Qg4 Bc6 27. Na5 Qb6 28. Nxc6 Qxc6 29. Rc1 Qb7 30. Be3 Nf8 31. Bc2 Kh8 32. Bb3 Rxc1 33. Rxc1 a5 34. Bd5 Rxd5 35. exd5 Qxd5 36. b3 f5 37. Qd1 Qe6 38. Bc5 Kg8 39. Qd3 b4 40. Rd1 Bf6 41. Qd5 Kf7 42. Bxf8 Qxd5 43. Rxd5 Kxf8 44. Rxa5 Be7 45. Rxe5 Kf7 46. Rd5 Ke6 47. Rd3 Kf6 48. Kf1 Ke5 49. Ke2 Bc5 50. Rd7 h5 51. Rg7 Kf6 52. Rc7 Bd6 53. Rc6 Ke5 54. Kd3 Kd5 55. Rxd6+ 1-0

[Event "Berlin Lichtenrade op 11th"]
[Site "Berlin"]
[Date "2015.10.26"]
[Round "3"]
[White "Zivkovic, Slaven"]
[Black "Gruzmann, Boris"]
[Result "1/2-1/2"]
[WhiteElo "1828"]
[BlackElo "2250"]
[PlyCount "94"]
[EventDate "2015.10.24"]
[EventType "swiss"]
[EventRounds "9"]
[EventCountry "GER"]
[SourceTitle "CBM 169 Extra"]
[Source "ChessBase"]
[SourceDate "2015.12.18"]
[SourceVersion "1"]
[SourceVersionDate "2015.12.18"]
[SourceQuality "1"]

1. e4 c5 2. Nf3 d6 3. Bb5+ Nd7 4. c3 a6 5. Ba4 e5 6. 0-0 b5 7. Bc2 Ngf6 8. Re1 Be7 9. d3 0-0 10. Nbd2 Re8 11. Nf1 Bf8 12. Ng3 g6 13. h3 Bb7 14. Nh2 d5 15. Bg5 h6 16. Bd2 d4 17. f4 dxc3 18. bxc3 Bg7 19. a4 Qc7 20. Qf3 Re7 21. axb5 axb5 22. Rxa8+ Bxa8 23. f5 Kh7 24. h4 Qa7 25. fxg6+ fxg6 26. h5 Nxh5 27. Nxh5 gxh5 28. Qf5+ Kh8 29. Qxh5 Nf6 30. Qf5 c4+ 31. Be3 Qd7 32. Qxd7 Rxd7 33. dxc4 bxc4 34. Bc1 Bc6 35. Nf3 Ng4 36. Nh4 Bf6 37. Nf5 Bg5 38. Bd1 Nf6 39. Bxg5 hxg5 40. Bf3 g4 41. Be2 Bxe4 42. Ne3 Bd3 43. Nxc4 Bxc4 44. Bxc4 Rc7 45. Be6 Rxc3 46. Rxe5 Kg7 47. Kf2 Kg6 1/2-1/2

[Event "Podgorica Buducnost op 1st"]
[Site "Podgorica"]
[Date "2015.03.22"]
[Round "7"]
[White "Zivkovic, Slaven"]
[Black "Lakusic, Zoran"]
[Result "1-0"]
[WhiteElo "1812"]
[BlackElo "1625"]
[PlyCount "59"]
[EventDate "2015.03.16"]
[EventType "swiss"]
[EventRounds "7"]
[EventCountry "MNE"]
[SourceTitle "EXT 2018"]
[Source "ChessBase"]
[SourceDate "2017.10.13"]
[SourceVersion "1"]
[SourceVersionDate "2017.10.13"]
[SourceQuality "1"]

1. e4 c6 2. d4 d6 3. Bc4 b5 4. Bb3 a5 5. a4 e5 6. dxe5 bxa4 7. Rxa4 Qe7 8. exd6 Qxd6 9. Rd4 Qf6 10. Nf3 h6 11. Bf4 Nd7 12. Bg3 Bc5 13. Rd3 a4 14. Bc4 Bb6 15. 0-0 Qxb2 16. Bd6 Ne7 17. Ba3 Qf6 18. e5 Qf4 19. Ba2 Nb8 20. g3 Qg4 21. e6 f6 22. Bc5 Ba5 23. Rd4 Qh5 24. Bd6 Nf5 25. Rd3 Bb6 26. e7 Bd7 27. Bxb8 Rxb8 28. Rxd7 Qg4 29. Ne5 Bxf2+ 30. Kxf2 1-0

[Event "Podgorica Buducnost op 1st"]
[Site "Podgorica"]
[Date "2015.03.19"]
[Round "4"]
[White "Zivkovic, Slaven"]
[Black "Scepanovic, Dalibor"]
[Result "1-0"]
[WhiteElo "1812"]
[BlackElo "2112"]
[PlyCount "52"]
[EventDate "2015.03.16"]
[EventType "swiss"]
[EventRounds "7"]
[EventCountry "MNE"]
[SourceTitle "EXT 2018"]
[Source "ChessBase"]
[SourceDate "2017.10.13"]
[SourceVersion "1"]
[SourceVersionDate "2017.10.13"]
[SourceQuality "1"]

1. e4 e5 2. Nf3 Nf6 3. Nxe5 d6 4. Nf3 Nxe4 5. d4 d5 6. h3 Be7 7. Bd3 Nc6 8. Nc3 Bf5 9. 0-0 0-0 10. Re1 Bb4 11. Bd2 Nxd2 12. Qxd2 Bxd3 13. Qxd3 a6 14. Ne5 Nxe5 15. Rxe5 c6 16. Rae1 Bd6 17. R5e3 Qh4 18. Na4 Qf4 19. g3 Qh6 20. Qf5 Rad8 21. h4 b5 22. Nc5 Bxc5 23. dxc5 d4 24. Re7 Rd5 25. Qc8 Rdd8 26. Qxd8 Rxd8 1-0

[Event "Podgorica Buducnost op 1st"]
[Site "Podgorica"]
[Date "2015.03.16"]
[Round "1"]
[White "Zivkovic, Slaven"]
[Black "Scekic, Veljko"]
[Result "0-1"]
[WhiteElo "1812"]
[BlackElo "2162"]
[PlyCount "68"]
[EventDate "2015.03.16"]
[EventType "swiss"]
[EventRounds "7"]
[EventCountry "MNE"]
[SourceTitle "EXT 2018"]
[Source "ChessBase"]
[SourceDate "2017.10.13"]
[SourceVersion "1"]
[SourceVersionDate "2017.10.13"]
[SourceQuality "1"]

1. e4 e5 2. Nf3 Nf6 3. Nxe5 d6 4. Nf3 Nxe4 5. d4 d5 6. Bd3 Bd6 7. Nc3 Nxc3 8. bxc3 0-0 9. 0-0 h6 10. h3 Qf6 11. c4 Be6 12. Qe2 dxc4 13. Bxc4 Bxc4 14. Qxc4 Nc6 15. Be3 Ne7 16. Rab1 b6 17. Rfe1 Nf5 18. Qd3 Rad8 19. c3 c5 20. Rbd1 cxd4 21. cxd4 Ne7 22. Qa6 Bb8 23. Ne5 Nd5 24. Qb7 Nxe3 25. Rxe3 Bxe5 26. Rxe5 Rxd4 27. Rxd4 Qxe5 28. Rd7 Qe1+ 29. Kh2 Qxf2 30. Qxa7 Qf4+ 31. Kh1 Qf1+ 32. Kh2 Rc8 33. Qxb6 Qf4+ 34. g3 Rc2+ 0-1

[Event "MNT-chT 1st League"]
[Site "Podgorica"]
[Date "2014.10.11"]
[Round "8.3"]
[White "Zivkovic, Slaven"]
[Black "Cetkovic, Miodrag"]
[Result "1-0"]
[WhiteElo "1779"]
[BlackElo "2183"]
[PlyCount "73"]
[EventDate "2014.08.29"]
[EventType "team-tourn"]
[EventRounds "9"]
[EventCountry "MNE"]
[SourceTitle "EXT 2018"]
[Source "ChessBase"]
[SourceDate "2017.10.13"]
[SourceVersion "1"]
[SourceVersionDate "2017.10.13"]
[SourceQuality "1"]
[WhiteTeam "Omladinac Buducnost"]
[BlackTeam "Kotor"]
[WhiteTeamCountry "MNE"]
[BlackTeamCountry "MNE"]

1. e4 c5 2. Nf3 e6 3. b3 d6 4. Bb2 Nc6 5. Bb5 Bd7 6. 0-0 Nf6 7. Re1 e5 8. h3 a6 9. Bf1 Be7 10. c3 Qc7 11. d4 0-0 12. a4 g6 13. Na3 Rab8 14. Rc1 Rfd8 15. b4 Be8 16. Qb3 Nd7 17. Nc4 b5 18. axb5 axb5 19. Ne3 Bf8 20. Nd5 Qb7 21. bxc5 dxc5 22. dxe5 c4 23. Qc2 Ncxe5 24. Nxe5 Nxe5 25. Rcd1 Bc6 26. Nb4 Bg7 27. f4 Rxd1 28. Qxd1 Nd7 29. Nxc6 Qxc6 30. e5 Bf8 31. Be2 Nb6 32. Bc1 Na4 33. Qc2 Bc5+ 34. Kh2 h5 35. Rd1 Qb6 36. Bxc4 Qa5 37. Qxg6+ 1-0

[Event "MNT-chT 1st League"]
[Site "Podgorica"]
[Date "2014.10.10"]
[Round "7.3"]
[White "Ivanovic, Milan"]
[Black "Zivkovic, Slaven"]
[Result "1/2-1/2"]
[WhiteElo "1994"]
[BlackElo "1779"]
[PlyCount "91"]
[EventDate "2014.08.29"]
[EventType "team-tourn"]
[EventRounds "9"]
[EventCountry "MNE"]
[SourceTitle "EXT 2018"]
[Source "ChessBase"]
[SourceDate "2017.10.13"]
[SourceVersion "1"]
[SourceVersionDate "2017.10.13"]
[SourceQuality "1"]
[WhiteTeam "Zora"]
[BlackTeam "Omladinac Buducnost"]
[WhiteTeamCountry "MNE"]
[BlackTeamCountry "MNE"]

1. d4 Nf6 2. c4 g6 3. Nc3 d5 4. cxd5 Nxd5 5. e4 Nxc3 6. bxc3 Bg7 7. Nf3 c5 8. Be2 0-0 9. 0-0 Nc6 10. Be3 Bg4 11. d5 Ne5 12. Bxc5 Qc7 13. Bd4 Nxf3+ 14. Bxf3 Bxf3 15. Qxf3 Bxd4 16. cxd4 Qc4 17. Qe3 Rad8 18. Rfc1 Qa6 19. Rc7 Rfe8 20. Qb3 e6 21. Rxb7 exd5 22. exd5 Rd6 23. Rb8 Rdd8 24. Rxd8 Rxd8 25. Rc1 Qf6 26. g3 Qxd4 27. Rd1 Qc5 28. a4 a6 29. d6 Qc6 30. a5 Kf8 31. Qb6 Qxb6 32. axb6 Ke8 33. Re1+ Kd7 34. Re7+ Kxd6 35. Rxf7 Rd7 36. Rf6+ Ke7 37. Rf4 Rb7 38. Rh4 Kd6 39. f4 Kc6 40. f5 gxf5 41. Rh6+ Kd5 42. Kf2 a5 43. Rh5 Ke4 44. Rh4+ Ke5 45. Ra4 Rxb6 46. Rxa5+ 1/2-1/2

[Event "MNT-chT 1st League"]
[Site "Podgorica"]
[Date "2014.09.14"]
[Round "6.2"]
[White "Miovcic, Rade"]
[Black "Zivkovic, Slaven"]
[Result "1/2-1/2"]
[WhiteElo "2263"]
[BlackElo "1779"]
[PlyCount "25"]
[EventDate "2014.08.29"]
[EventType "team-tourn"]
[EventRounds "9"]
[EventCountry "MNE"]
[SourceTitle "EXT 2018"]
[Source "ChessBase"]
[SourceDate "2017.10.13"]
[SourceVersion "1"]
[SourceVersionDate "2017.10.13"]
[SourceQuality "1"]
[WhiteTeam "Mornar"]
[BlackTeam "Omladinac Buducnost"]
[WhiteTeamCountry "MNE"]
[BlackTeamCountry "MNE"]

1. e4 e5 2. Nf3 Nc6 3. Bb5 a6 4. Bxc6 dxc6 5. d4 Bg4 6. Be3 Nf6 7. Qd3 Bxf3 8. gxf3 exd4 9. Qxd4 Qxd4 10. Bxd4 Nh5 11. Nd2 0-0-0 12. Nb3 Nf4 13. Be3 1/2-1/2

[Event "MNT CupT"]
[Site "Niksic"]
[Date "2014.04.20"]
[Round "2.3"]
[White "Lekic, Dusan"]
[Black "Zivkovic, Slaven"]
[Result "1-0"]
[WhiteElo "2430"]
[BlackElo "1783"]
[PlyCount "61"]
[EventDate "2014.04.06"]
[EventType "team-swiss"]
[EventRounds "5"]
[EventCountry "MNE"]
[SourceTitle "CBM 160 Extra"]
[Source "ChessBase"]
[SourceDate "2014.07.01"]
[SourceVersion "1"]
[SourceVersionDate "2014.07.01"]
[SourceQuality "1"]

1. c4 Nf6 2. Nc3 d5 3. cxd5 Nxd5 4. g3 g6 5. Bg2 Nb6 6. d3 Bg7 7. Be3 Nc6 8. Qd2 0-0 9. Bxc6 bxc6 10. Bh6 Nd5 11. Nf3 Rb8 12. Bxg7 Kxg7 13. 0-0 Qd6 14. Rfc1 f6 15. Ne4 Qb4 16. Qxb4 Rxb4 17. b3 Bg4 18. Rxc6 Bxf3 19. exf3 Rd4 20. Nc5 Kg8 21. Ne6 Rxd3 22. Nxf8 Kxf8 23. f4 Rd2 24. Ra6 Ke8 25. Rxa7 Kd7 26. a4 Rb2 27. a5 Rxb3 28. Ra8 c5 29. a6 c4 30. a7 Nb6 31. Rb8 1-0

[Event "MNT-chT1"]
[Site "Cetinje"]
[Date "2013.09.20"]
[Round "7"]
[White "Zivkovic, Slaven"]
[Black "Blagojevic, Savo"]
[Result "1/2-1/2"]
[WhiteElo "1748"]
[BlackElo "1928"]
[PlyCount "59"]
[EventDate "2013.08.30"]
[EventType "team-tourn"]
[EventRounds "9"]
[EventCountry "MNE"]
[SourceTitle "CBM 156 Extra"]
[Source "ChessBase"]
[SourceDate "2013.10.22"]
[SourceVersion "1"]
[SourceVersionDate "2013.10.22"]
[SourceQuality "1"]

1. e4 c5 2. Nf3 Nc6 3. c3 d6 4. d4 cxd4 5. cxd4 Bg4 6. Be3 d5 7. e5 e6 8. Nbd2 Bb4 9. Bb5 Bxd2+ 10. Bxd2 Nge7 11. Rc1 0-0 12. Bc3 Qb6 13. Bxc6 Nxc6 14. 0-0 Bxf3 15. gxf3 f6 16. a4 fxe5 17. a5 Nxa5 18. Bxa5 Qxa5 19. Qe2 Rf5 20. Rc5 Qd8 21. f4 Rxf4 22. Qxe5 Rg4+ 23. Kh1 Qf6 24. Qxf6 gxf6 25. Re1 Kf7 26. Rc7+ Kg6 27. Rxe6 Rg8 28. Rxb7 Rxd4 29. Re1 Kf5 30. Rxh7 1/2-1/2